00425nam a22001577a 450000500170000001000130001702000230003003500130005303700100006608200080007610000180008424500470010226000530014927000440020230000210024620110930144016.0 aG-001665 c395.00a81892975381daG-001665 bGift  a230 aGandhi, M.K.  aThe essence of Hinduism /cby M.K. Gandhi  aDelhi bFarsigh Publishers & Distributors c2009 aS-16, Naveen Shahdara, bDelhi e110032 a255p. c24cm(Hb)